000 00440nam a2200181Ia 4500
005 20250923144823.0
008 008 250917s9999 xx 000 0 eng d
037 _aTextual
040 _aDSWL
_beng
_cDSWL
041 _aeng
_2eng
084 _qDSWL
245 0 _aDurghatnaon ki roktham
_cby I.L.O.
260 _aNew Delhi
_bDelhiI.L.O.
_c1962
300 _a202p.
365 _aINR
942 _cTEXL
999 _c1443756
_d1443756